Konfucianizmus ako determinujúci faktor v dejinách čínsko-japonských vzťahov diplomová práca

Na minha lista:
Detalhes bibliográficos
Autor principal: Vančová, Kristína
Autor Corporativo: Fakulta medzinárodných vzťahov EU. Katedra medzinárodných politických vzťahov
Outros Autores: Zágoršeková, Marta
Formato: Livro
Idioma:eslovaco
Publicado em: Bratislava 2018
Tags: Adicionar Tag
Sem tags, seja o primeiro a adicionar uma tag!

MARC

LEADER 00000nbm a2200000 4500
001 0244487
005 20180807081359.2
041 0 |a slo 
044 |a SK 
245 1 0 |a Konfucianizmus ako determinujúci faktor v dejinách čínsko-japonských vzťahov  |b diplomová práca  |c Kristína Vančová ; školiteľ: Marta Zágoršeková 
264 1 |a Bratislava  |c 2018 
300 |a 70 s. 
100 1 |a Vančová, Kristína 
700 1 |a Zágoršeková, Marta 
710 2 |a Fakulta medzinárodných vzťahov EU. Katedra medzinárodných politických vzťahov